Sobre el guión

Guardat en:
Dades bibliogràfiques
Autor principal: Parent-Altier, Dominique (autor)
Format: Llibre
Idioma:espanyol
Publicat: Buenos Aires La Marca 2005
Edició:1a. ed
Col·lecció:Biblioteca de la Mirada
Matèries:
Etiquetes: Afegir etiqueta
Sense etiquetes, Sigues el primer a etiquetar aquest registre!

MARC

LEADER 00000nam a2200000 a 4500
001 UCJ9746
003 CL-VaPUC
008 070405e20050000AG |||||||||||||||||spa|d
020 |a 9508890673 
082 0 4 |a 791.43  |b PAR  |2 21 
100 |a Parent-Altier, Dominique  |e autor  |9 519805 
245 1 0 |a Sobre el guión 
250 |a 1a. ed 
300 |a 170 p 
942 |c BK 
945 |d 20070405 00:00:00  |a cmena 
260 |a Buenos Aires  |b La Marca  |c 2005 
650 0 |a Guiones cinematográficos   |9 266811 
650 7 |a PELICULAS CINEMATOGRAFICAS  |2 CL-VaPUC  |9 519806 
650 0 |a Redacción   |9 320524 
650 0 |a Estilos artísticos  |9 340996 
583 |a last modification  |c 20070405 00:00:00  |k Rodrigo Vera 
490 0 |a Biblioteca de la Mirada 
999 |c 325156  |d 325154 
952 |0 0  |1 0  |4 0  |6 791_430000000000000_PAR_2005  |7 0  |8 R  |9 405762  |a BIBART  |b BIBART  |d 2019-11-22  |i 4327438  |o 791.43 PAR 2005  |p 4327438  |r 2025-03-13  |w 2019-11-22  |y BK_R  |k ART